[Event "Politiken Cup 18th"]
[Site "Copenhagen"]
[Date "1996.??.??"]
[Round "4"]
[White "Maksimenko, Andrei"]
[Black "Lejlic, Samir"]
[Result "1-0"]
[WhiteElo "2545"]
[BlackElo "2420"]
[Annotator "Engqvist"]
[PlyCount "89"]
[EventDate "1996.06.??"]
[EventType "swiss"]
[EventRounds "11"]
[EventCountry "DEN"]
[SourceTitle "CBM 054"]
[Source "ChessBase"]
[SourceDate "1996.10.01"]
[SourceVersion "1"]
[SourceVersionDate "1996.10.01"]
[SourceQuality "1"]

1. d4 d5 2. c4 Nc6 {Tjigorin's defence has become more popular recently, even
with the move-order 1.d4 Nc6 sometimes.} 3. cxd5 {The logical continuation.}
Qxd5 4. e3 e5 5. Nc3 Bb4 6. Bd2 Bxc3 7. bxc3 (7. Bxc3 $5 {! Atalik} exd4 8. Ne2
Bg4 $5 (8... Nf6 9. Nxd4 Ne4 10. Nb5 Qxd1+ 11. Rxd1 O-O 12. Nxc7 Nxc3 13. bxc3
Bg4 14. Nxa8 Bxd1 15. Kxd1 Rxa8 16. Be2 Kf8 17. Kc2 Ke7 18. Rb1 $18 {
Costa-Baumhaus, Gelsenkirchen 1991}) 9. f3 Be6 (9... Bxf3 10. gxf3 Qxf3 11.
Nxd4 Qxh1 12. Nxc6 Nf6 $1 13. Na5 $5 Qxh2 (13... Nd5 14. Qd4 $1) 14. Qa4+ c6
15. Nxb7 $1 Qg3+ 16. Kd2 O-O 17. Qxc6 $1 Rac8 18. Qg2 {/\} Qc7 $2 19. Bxf6 Qc2+
20. Ke1 Qxg2 21. Bxg2 gxf6 22. Rd1 $16 {Atalik}) 10. Nxd4 Nxd4 (10... O-O-O 11.
Qa4 $1 Nge7 12. Nxc6 Nxc6 13. Bb5 {/\} a6 $2 14. Bxc6 Qxc6 15. Qxc6 bxc6 16.
Bxg7 Rhg8 17. Bf6 Rd3 18. Rg1 Rxe3+ 19. Kd2 $18 {Atalik}) 11. Qxd4 Qxd4 12.
Bxd4 f6 13. Kf2 $14 {Atalik-Miladinovic, Greece 1996 - 66/314}) 7... Nf6 (7...
exd4 8. cxd4 Nf6 (8... Nge7 $5) 9. f3 {- 7...Nf6} (9. Ne2 O-O 10. Nf4 Qd6 11.
Bd3 Rd8 12. O-O Ne7 $14 {Minev})) (7... Qd6 8. Bd3 Nf6 (8... f5 9. Bc4 Be6 10.
Bxe6 Qxe6 11. Qb3 Qxb3 12. axb3 Nf6 13. Nf3 exd4 14. cxd4 O-O-O 15. O-O {
1/2 Razuvaev-Kaminski, Biel open 1995}) 9. f3 O-O 10. Ne2 Re8 (10... Be6 $6 11.
O-O $16 {Kasparov-Ivanchuk, New York PCA rapid 1995}) (10... b6 $5 $14) 11. O-O
Be6 (11... e4 12. fxe4 Nxe4 13. Bxe4 Rxe4 14. Ng3 Re8 15. e4 $36) (11... b6 12.
Qc1 Bb7 13. Ng3 Ne7 14. Kh1 Rad8 15. a4 $1 c5 16. a5 cxd4 17. cxd4 exd4 18. e4
$1 $44 {->} Ng6 $2 19. axb6 axb6 20. Nf5 Qb8 21. Bh6 $1 $18 {Tunik-Sestakov,
Moskva 1996}) 12. Qc1 $1 {><e3} Rad8 13. Be1 Bc8 14. Bf2 {/\e4} e4 15. fxe4
Nxe4 16. Bh4 $16 {Beliavsky-Miladinovic, Belgrade 1995 - 65/359}) 8. c4 (8. f3
O-O (8... Qd6 {- 7...Qd6}) (8... exd4 9. cxd4 O-O 10. Qb3 $1 Qd6 11. Bc4 Be6
12. Ne2 Rfe8 13. O-O Rad8 $6 14. Bxe6 Rxe6 15. Rac1 Qd7 16. Nf4 Rd6 17. Be1 $1
$16 {Sakaev-Bigaliev, Sankt Peterburg 1995}) 9. Ne2 Qd6 10. Ng3 exd4 11. cxd4
Re8 12. Be2 Nd5 13. Qc1 f5 (13... Qe7 14. O-O (14. Kf2 Qh4 15. Re1 {/\Kg1
Ehlvest}) 14... Nxe3 15. Re1 $16 {Ehlvest}) 14. O-O f4 15. Ne4 (15. exf4 Nxd4
16. Bc4 $14 {^^ Ehlvest}) 15... Qd8 16. Bc4 fxe3 17. Bxe3 Be6 18. Bf2 $14 {
Ehlvest-J.Watson, New York (open) 1996 - 66/313}) 8... Qd6 9. d5 Ne7 10. Qb1
O-O 11. Bb4 c5 12. dxc6 Qc7 13. Nf3 bxc6 14. Qb2 c5 15. Bc3 Ne4 16. Nxe5 f6 17.
Nf3 Bg4 18. Be2 Ng6 19. O-O Rae8 20. h3 Bxf3 21. Bxf3 Nh4 22. Bd1 f5 23. Be1
Re6 24. f3 Ng3 25. Bxg3 Qxg3 26. Qf2 Qe5 27. Rb1 Qxe3 28. g3 Ng6 29. f4 Rd8 30.
Bf3 Rd2 31. Qxe3 Rxe3 32. Rf2 Rdd3 33. Kg2 h5 34. h4 Nf8 35. Rb8 g6 36. Rc8 Kg7
37. Rxc5 Ra3 38. Rc7+ Kh6 39. Rc8 Nd7 40. c5 Nf6 41. c6 Ne4 42. Rh8+ Kg7 43. c7
Kxh8 44. c8=Q+ Kh7 45. Rc2 1-0

[Event "SWE-ch"]
[Site "Linkoping"]
[Date "2001.07.02"]
[Round "3"]
[White "Barkhagen, Jonas"]
[Black "Karlsson, Lars"]
[Result "1-0"]
[WhiteElo "2456"]
[BlackElo "2476"]
[Annotator "Finkel,A"]
[PlyCount "79"]
[EventDate "2001.06.30"]
[EventType "tourn"]
[EventRounds "13"]
[EventCountry "SWE"]
[EventCategory "8"]
[SourceTitle "CBM 085"]
[Source "ChessBase"]
[SourceDate "2001.11.13"]
[SourceVersion "1"]
[SourceVersionDate "2001.11.13"]
[SourceQuality "1"]

1. d4 Nc6 2. Nf3 d5 3. c4 Bg4 4. cxd5 Bxf3 5. dxc6 Bxc6 6. Nc3 Nf6 7. f3 e6 8.
e4 Be7 (8... Bb4 9. Be3 Qe7 (9... Nxe4 $2 10. fxe4 Qh4+ 11. Bf2 Qxe4+ 12. Qe2
Qf5 13. h4 O-O-O 14. Rh3 $18 {Adamski,J-Chandler,P/Giessen op 1994}) 10. a3 Ba5
11. b4 Bb6 12. Na4 O-O 13. Nxb6 $14 {Dominguez Gonzalez,I-Ridameya Tatche,J/
Open 1999}) 9. Be3 {White keeeps very comfortable advantage due to the control
in the center.} (9. Bc4 O-O 10. O-O a6 11. a3 Qb8 12. Qe2 b5 13. Bd3 Bb7 14. b4
$14 {Dezelak,B-Mohr,G/SLO-chT 1995}) 9... O-O 10. Bd3 (10. Bc4 b6 11. O-O Bb7
12. Qb3 Qd7 13. Rfd1 c6 14. Rac1 Rad8 15. a4 $14 {Vidoniak,N-Cosma,E/
Bucharest-W 1993}) (10. Qd2 a6 11. Bd3 b5 12. O-O Qd7 13. Rac1 Rac8 14. Rfd1
Rfd8 15. Bb1 Bb7 16. Qc2 $14 {Petran,P-Jakubek,P/SVK-chT9596 1996}) 10... Qd7 (
10... a6 11. O-O g6 12. Rc1 Qd7 13. Qc2 Rfd8 14. Rfd1 Qe8 15. g4 Rac8 16. Qf2
b5 17. Ne2 $14 {Broman,H-Nykopp,J/FIN-chT 9596}) (10... b6 11. Qc2 h6 12. O-O-O
Bb7 13. Qd2 Re8 14. g4 Nd7 15. Rhg1 c5 $13 {Duquesnoy,J-Cosma,E/Val Thorens
Principal 1993}) 11. Qc2 $14 {[%cal Ge4e5]} Kh8 12. O-O (12. e5 $6 Nd5 13. Nxd5
Bxd5 $1 (13... Qxd5 14. Bxh7 g6 15. Bxg6 fxg6 16. Qxg6 Bb4+ 17. Kd1 (17. Kf2 $2
Rxf3+ 18. gxf3 Qxf3+ 19. Kg1 Rg8 $19) 17... Ba4+ $5 (17... Qd7 $13) 18. b3
Bxb3+ 19. axb3 Qxb3+ 20. Ke2 Qb2+ 21. Kd3 Qc3+ 22. Ke2 Qb2+ $11) 14. Bxh7 $6 g6
15. Bxg6 fxg6 16. Qxg6 Bb4+ 17. Kf2 Qh7 $15) 12... Rfd8 13. Rfd1 Qe8 14. Rac1
Bf8 15. Qb3 (15. a3 a5 16. Qf2 $14 {[%cal Gf2h4,Ge4e5]}) 15... a6 16. Bb1 Ng8
$6 17. Bf4 $16 {[%csl Rb7] It turns out that black can't keep the pawn on b7.}
(17. Qc2 Rac8 18. Bf2 $14) 17... Bd6 (17... Rac8 18. d5 exd5 19. exd5 Bd7 20.
Qxb7 $16) 18. Bxd6 cxd6 (18... Rxd6 19. d5 exd5 20. exd5 Bd7 21. Qxb7 $16) 19.
d5 exd5 20. exd5 Qe3+ (20... Bb5 $2 21. Re1 Qd7 22. a4 $18) 21. Kh1 Bd7 22.
Qxb7 Rab8 23. Qxa6 Rxb2 24. Qd3 {White hs decisive advantage and all he has to
do to win the game is to be carefull!} (24. Ne4 Be8 25. Rc2 Rbb8 26. Re2 $16)
24... Qh6 25. Ne4 Be8 26. Qa3 $5 {[%cal Ga3d6]} Rbb8 27. Bc2 f5 28. Ng3 g6 29.
Bb3 Qg7 30. Ne2 Bf7 31. Rc7 $5 (31. Nd4 Ra8 32. Qb4 Nf6 33. Nc6 Rd7 34. a4 $18)
31... Qf6 32. Qa7 $18 {[%cal Ga7f7] Creating decisive threats.} Ra8 (32... Nh6
33. Qd4 Qxd4 34. Nxd4 $18) 33. Qd4 Kg7 34. Qc4 $5 Kh8 35. Nd4 Re8 36. Ne6 Re7 (
36... Ne7) 37. h3 Rxc7 38. Qxc7 Qe7 39. Qc1 Qf6 $2 40. Qc6 $18 {[%cal Gc6d6,
Gc6a8]} 1-0

[Event "GER-ch 74th"]
[Site "Saarbruecken"]
[Date "2002.11.22"]
[Round "1"]
[White "Graf, Alexander"]
[Black "Breutigam, Martin"]
[Result "1-0"]
[WhiteElo "2635"]
[BlackElo "2398"]
[Annotator "Finkel,A"]
[PlyCount "77"]
[EventDate "2002.11.22"]
[EventType "swiss"]
[EventRounds "9"]
[EventCountry "GER"]
[SourceTitle "CBM 093"]
[Source "ChessBase"]
[SourceDate "2003.04.01"]
[SourceVersion "1"]
[SourceVersionDate "2003.04.01"]
[SourceQuality "1"]

1. d4 d5 2. Nf3 Nc6 3. e3 Bg4 4. Nbd2 e6 5. c4 Nge7 $6 {Knight has nothing to
do on e7 in this structure so it was better to settle for Nf6.} (5... Bb4 6. a3
Bxd2+ 7. Bxd2 Nf6 8. Be2 O-O 9. O-O dxc4 10. Rc1 Ne4 11. Rxc4 $14 {Farago,
I-Boey,J/Amsterdam 1975}) (5... Nf6 6. cxd5 (6. Qa4 Bxf3 7. Nxf3 Bb4+ 8. Bd2
Bxd2+ 9. Nxd2 O-O 10. Be2 e5 11. dxe5 Nxe5 $11 {Michtchenko,A-Prikhodko,A/
Antwerp 1997}) 6... exd5 7. Bb5 Bd7 8. O-O Bd6 9. Nb3 Qe7 10. Bd2 O-O 11. Na5
Nxa5 12. Bxd7 Qxd7 13. Bxa5 Rfe8 $11 {Zakharevich,I-Karpatchev,A/Smolensk 1992}
) 6. a3 (6. Be2 Ng6 7. O-O Be7 8. h3 Bf5 9. Ne1 e5 10. cxd5 Qxd5 11. Bc4 Qd8
12. e4 Bd7 13. d5 Nd4 14. Nef3 Nxf3+ 15. Nxf3 $14 {Gonzalez Marrero,J-Ramos
Dominguez,J/La Algaba 2001}) 6... g6 {Once black put his knight e7 he has to
develop the bishop to g7.} 7. b4 Bg7 8. Bb2 O-O 9. Qb3 Bxf3 (9... a6 10. h3
Bxf3 11. Nxf3 dxc4 12. Bxc4 Nd5 13. O-O Qd6 14. Rfd1 $14) 10. Nxf3 a5 11. cxd5
exd5 (11... Nxd5 12. b5 a4 13. Qc2 Nce7 14. Rc1 c6 15. bxc6 Nxc6 16. Be2 $14)
12. b5 a4 $6 {[%csl Ra4]} 13. Qc2 Nb8 14. Bc3 $1 {Transferring a bishop to
more active position on b4.} Nd7 15. Bb4 Re8 (15... f5 16. Rc1 c6 17. bxc6 bxc6
18. Bd3 Nf6 19. O-O $16) 16. Bd3 Nb6 17. O-O $16 Qd7 18. Rac1 Rec8 19. Bc5 $1
Qe6 20. Rfe1 {[%cal Ge3e4] If white manages to break in the center with e4 the
game is just over!} f5 21. Qa2 $1 {Insisting on pushing e4.} Re8 $6 (21... Qf7
22. Rc3 Bf6 23. Rec1 $16) 22. e4 $1 fxe4 23. Rxe4 Qd7 (23... Qf7 24. Ne5 Bxe5
25. Rxe5 Nf5 26. h3 $16) 24. Rce1 {Black is totally tied up.} Nf5 25. Bxb6 cxb6
26. Rxe8+ Rxe8 27. Rxe8+ Qxe8 28. Qxd5+ $18 Qf7 29. Qd8+ Qf8 (29... Bf8 30. Ne5
Qe7 31. Qxb6 Qxa3 32. Bc4+ Kg7 33. Qxb7+ Kh6 34. g3 $18 {[%csl Rh6]}) 30. Bc4+
Kh8 31. Qd5 {Defending the pawn on a3!} Bf6 32. g4 Nh4 33. Ne5 Be7 34. Nf7+ Kg7
35. Qe5+ Bf6 36. Qe3 $1 {[%cal Ge3h6] Black king is in mating net.} g5 37. Nxg5
Qe7 38. Ne6+ Kh8 39. Qf4 1-0

[Event "Interpolis"]
[Site "Tilburg"]
[Date "1992.10.16"]
[Round "3.4"]
[White "Smirin, Ilia"]
[Black "Kosten, Anthony C"]
[Result "1-0"]
[WhiteElo "2555"]
[BlackElo "2515"]
[Annotator "Ftacnik,L"]
[PlyCount "69"]
[EventDate "1992.10.08"]
[EventType "k.o."]
[EventRounds "7"]
[EventCountry "NED"]
[SourceTitle "CBM 032"]
[Source "ChessBase"]
[SourceDate "1993.02.01"]
[SourceVersion "1"]
[SourceVersionDate "1993.02.01"]
[SourceQuality "1"]

{Barrage 30'} 1. Nf3 d5 2. d4 Nc6 3. c4 Bg4 4. cxd5 Bxf3 5. gxf3 Qxd5 6. e3 e5
7. Nc3 Bb4 8. Bd2 Bxc3 9. bxc3 exd4 10. cxd4 Nge7 11. Bd3 (11. Rg1 O-O-O 12. f4
Nxd4 13. exd4 Qxd4 14. Be2 Rhe8 15. Rb1 Nf5 16. Qc2 g6 17. Rd1 Qd6 18. Qc4
Rxe2+ 19. Qxe2 Nd4 20. Qd3 Qc6 21. Qh3+ f5 22. Rg3 Nc2+ 23. Kf1 Qc4+ 24. Kg1
Qe2 25. Qf1 Rxd2 26. Qxe2 $13 {Savchenko,S-Furhoff,J/Berliner Sommer/1991/}) (
11. Qb3 Qxf3 12. Rg1 O-O 13. Bg2 Qh5 14. Kf1 Rab8 15. Rc1 Ng6 16. Rc5 Qxh2 17.
Rh1 Qd6 18. Rch5 h6 19. Bc3 Nce7 20. d5 Qa6+ 21. Kg1 Qd3 22. R1h3 c6 23. e4 Qb5
24. Qxb5 cxb5 25. Rg3 Rbc8 26. Bf1 $40 {Ricardi-Sanchez Almeyra/Argentina ch/
1987/}) 11... O-O-O 12. Be4 Qe6 $146 (12... Qd6 13. f4 Qe6 14. Qf3 f5 15. Bxc6
Nxc6 16. O-O g5 17. fxg5 h6 18. g6 Kb8 19. Kh1 Qxg6 20. Rg1 Qe6 21. Rab1 b6 22.
Rb5 Qxa2 23. Qxc6 Qxd2 24. Rc5 Rh7 25. Rxf5 Qd3 26. Rf6 $36 {Kapetanovic,
A-Baumhus,R/Vienna op/1991/}) 13. Qb3 Nd5 (13... Qxb3 14. axb3 Kb8 15. Rg1 $14
{^^}) 14. Rb1 b6 15. Qa4 Rd6 (15... Kb7 16. Bd3 $40) 16. Rc1 g6 (16... f5 17.
Rxc6 Rxc6 18. Bxf5 Qxf5 19. Qxc6 Qb1+ 20. Ke2 Qxh1 21. Qa8+ Kd7 22. Qxd5+ Ke7
23. Bb4+ c5 24. dxc5 $18) 17. Qc4 Kb7 (17... f5 $2 18. Bxd5 Qxd5 19. Qxd5 Rxd5
20. Rxc6 $18) 18. O-O f5 19. Bd3 Rhd8 (19... Nb8 20. e4 fxe4 21. Bxe4 $16) 20.
Kh1 Qf6 21. f4 h6 (21... g5 22. fxg5 Qxg5 23. Rg1 $16) 22. Rg1 g5 23. fxg5 hxg5
24. e4 $1 fxe4 25. Bxe4 Qe6 (25... Qxd4 26. Bxg5 Re8 27. f3 $16) 26. f3 R8d7 (
26... g4 27. Rxg4 Nf6 28. Qxe6 Rxe6 29. Rxc6 $1 Rxc6 30. Bxc6+ Kxc6 31. Rg6 Rd6
32. Bf4 $18) 27. Rxg5 Nce7 28. Re5 Qf7 29. Bg5 Nc8 (29... Ng6 30. Rf5 Qg8 31.
Rg1 $16) 30. Bf5 $1 c6 31. Bxd7 Qxf3+ 32. Kg1 Nf4 33. Bxc6+ Rxc6 34. Qxc6+ Qxc6
35. Rxc6 1-0

[Event "WchT 2nd"]
[Site "Luzern"]
[Date "1989.??.??"]
[Round "6.3"]
[White "Zueger, Beat"]
[Black "Ye, Rongguang"]
[Result "0-1"]
[WhiteElo "2435"]
[BlackElo "2480"]
[Annotator "Ftacnik,L"]
[PlyCount "64"]
[EventDate "1989.10.27"]
[EventType "team-tourn"]
[EventRounds "9"]
[EventCountry "SUI"]
[SourceTitle "CBM 016"]
[Source "ChessBase"]
[SourceDate "1990.06.01"]
[SourceVersion "1"]
[SourceVersionDate "1990.06.01"]
[SourceQuality "1"]
[WhiteTeam "Switzerland"]
[BlackTeam "China"]
[WhiteTeamCountry "SUI"]
[BlackTeamCountry "CHN"]

1. d4 d5 2. c4 Nc6 3. Nc3 Nf6 4. Nf3 dxc4 5. d5 Na5 6. Bg5 {N} (6. Qa4+ c6 7.
b4 b5 8. Qxa5 Qxa5 9. bxa5 b4 10. Nd1 cxd5 11. a3 b3 12. Bb2 Bf5 {Hegeler,
F-Sowray,P/Dieren op/1989/1/4-1/4/66}) (6. e4 e6 7. Bg5 Be7 8. Bxf6 gxf6 9.
Qa4+ c6 10. dxc6 Nxc6 11. Bxc4 $13) 6... h6 7. Bxf6 exf6 8. e3 (8. Qa4+ c6 9.
O-O-O Bd7 $1 $13) 8... Bd7 9. Be2 b5 10. O-O Bb4 11. Nd4 a6 12. Bg4 $1 g6 13.
Bxd7+ Qxd7 14. Ne4 Be7 15. Qf3 f5 16. Ng3 Rd8 17. e4 fxe4 18. Nxe4 O-O (18...
Qxd5 $2 19. Rad1 Qe5 20. Rfe1) 19. Rad1 b4 20. Nc2 (20. Rfe1 $5) 20... f5 21.
Ng3 Bf6 22. Nxb4 Bxb2 23. d6 Qf7 24. Rd5 Nb7 25. d7 Nd6 26. Nxa6 Rxd7 27. Nc5
Re7 28. Na4 Bg7 29. h4 f4 30. Ne2 Nf5 31. g3 fxg3 32. fxg3 Rxe2 {Ftacnik} 0-1

[Event "Belgrade Investbank"]
[Site "Belgrade"]
[Date "1995.??.??"]
[Round "10"]
[White "Beliavsky, Alexander G"]
[Black "Miladinovic, Igor"]
[Result "1-0"]
[WhiteElo "2650"]
[BlackElo "2555"]
[Annotator "Ftacnik,L"]
[PlyCount "65"]
[EventDate "1995.11.??"]
[EventType "tourn"]
[EventRounds "11"]
[EventCountry "YUG"]
[EventCategory "17"]
[SourceTitle "CBM 051"]
[Source "ChessBase"]
[SourceDate "1996.04.01"]
[SourceVersion "1"]
[SourceVersionDate "1996.04.01"]
[SourceQuality "1"]

1. d4 d5 2. c4 Nc6 3. cxd5 Qxd5 4. e3 e5 5. Nc3 Bb4 6. Bd2 Bxc3 7. bxc3 Qd6 8.
Bd3 (8. Nf3 Bg4 9. h3 Bh5 10. dxe5 Nxe5 11. Qa4+ c6 12. Nxe5 Qxe5 13. Qd4 Qf6
14. Rb1 b6 15. e4 Rd8 16. Qxf6 Nxf6 17. f3 Nd7 18. Be2 O-O 19. g4 Bg6 20. Be3
f6 {1/2-1/2 Volke,K-Haubt,G/BL 9495 (1995)/1995/ (28)}) 8... Nf6 (8... f5 9.
Bc4 Be6 10. Bxe6 Qxe6 11. Qb3 Qxb3 12. axb3 Nf6 13. Nf3 exd4 14. cxd4 O-O-O 15.
O-O {1/2-1/2 Razuvaev,Y-Kaminski,M/Biel op (07)/1995/}) 9. f3 (9. Ne2 O-O 10.
Ng3 Re8 11. O-O a6 12. Qc2 Ne7 13. dxe5 Qxe5 14. c4 Ng6 15. Bc3 Qe7 16. Qb2 Ne5
17. Be2 Rb8 18. h3 b5 19. cxb5 axb5 20. Rac1 c5 21. Rfd1 b4 22. Bxe5 Qxe5 23.
Qxe5 Rxe5 24. Rxc5 Re8 25. Bb5 {1-0 Kozul,Z-Loncar,R/CRO-Cup Pula (05)/1995/ 
(35)}) 9... O-O 10. Ne2 Re8 (10... Be6 11. O-O Rad8 12. Qc1 Nd7 13. Be1 Qe7 14.
Qb1 Nb6 15. Bxh7+ Kh8 16. Bd3 Na5 17. e4 Nac4 18. f4 f6 19. f5 Bf7 20. Rf3 Kg8
21. Rh3 exd4 22. cxd4 c5 23. d5 Ne5 24. Bc2 Nbc4 25. Nf4 b5 26. Qb3 Ng4 27. Qg3
Nce5 28. Bd1 {1-0 Kasparov,G-Ivanchuk,V (02)/New York PCA (04)/1995/}) 11. O-O
Be6 (11... Bd7 12. Qc1 Rad8 13. Be1 exd4 14. cxd4 Nd5 15. Bg3 Qe7 16. Be4 Bc8
17. Re1 f5 18. Bxd5+ Rxd5 19. Qc4 Qf7 20. Nc3 Rd7 21. Qxf7+ Kxf7 22. Nb5 Nb4
23. Nxc7 Rxc7 24. Bxc7 Nc2 25. Be5 Be6 26. e4 Nxe1 27. Rxe1 Bxa2 28. Ra1 Bc4
29. Rxa7 {1-0 Horvath,C-Muse,M/EUCup f Ljubljana (01)/1995 (59)}) 12. Qc1 {
Two B are only waiting for their day, black has to pressure against the center
to keep them in check.} (12. Qb1 $5) 12... Rad8 13. Be1 Bc8 14. Bf2 (14. Bg3
Qe7) 14... e4 (14... Qe7 15. e4 $14) 15. fxe4 Nxe4 16. Bh4 (16. Bxe4 Rxe4 17.
Ng3 Ree8 18. e4 f6 $10) 16... f6 17. Qc2 Qe7 18. Ng3 Nxc3 (18... Nxg3 19. Bxh7+
Kh8 20. Bxg3 Qxe3+ 21. Kh1 $16) 19. Rae1 (19. Bc4+ Nd5 20. e4 Nxd4 (20... Be6
21. exd5 Bxd5 22. Nf5 $16) 21. Qf2 c5 22. Bxd5+ $16) (19. Bxh7+ $6 Kh8 20. Rae1
g5 $1) 19... g5 (19... Nd5 20. Bxh7+ Kh8 21. Bg6 Nxe3 22. Qc3 $16) 20. Nh5 (20.
Qxc3 gxh4 21. Nh5 Rd6) 20... Rf8 (20... Nd5 $5 {This might have been near
refutation of white's concept.} 21. Bc4 (21. Nxf6+ Nxf6 22. Bxg5 Rd6 $17) 21...
Kh8 22. Bxd5 Nb4 $1) 21. Qxc3 gxh4 22. Rf4 Nb4 $6 (22... f5 {This move would
have been more challenging for white.} 23. e4 $5 Rxd4 (23... fxe4 24. Rfxe4 Qb4
25. Qc1 Rd7 26. Rf1 $16) 24. exf5 Qd6 25. Bc4+ Kh8 26. Ree4 Qc5 27. Rxd4 Rd8
28. f6 $1 $18) 23. Bc4+ Kh8 24. Ref1 h3 (24... Rde8 25. e4 $16) 25. Nxf6 hxg2
26. R1f3 Nc6 (26... b5 27. d5 $1 bxc4 28. Ne8+ Rf6 29. Rxf6 $18) 27. Qc2 $1 Rd6
(27... Nxd4 28. exd4 Qe1+ 29. Kxg2 $18) 28. Qxg2 Rfd8 (28... Rdd8 29. Nd5 Qd6
30. Rxf8+ Rxf8 31. Rxf8+ Qxf8 32. Nxc7 $18) 29. Nxh7 $1 Ne5 (29... Qxh7 30.
Rf8+ $18) 30. dxe5 (30. Rf8+ Kxh7 31. Qg8+ Kh6 32. Qh8+ Qh7 33. R3f6+ Ng6 34.
Rxd8 $18) 30... Rd1+ 31. Bf1 Rg8 32. Qxg8+ $1 (32. Rf8 Qxh7 33. e6 $18) 32...
Kxg8 33. Nf6+ (33. Nf6+ Kg7 34. Rg3+ Kf7 35. Nd5+ $18) 1-0

[Event "Buenos Aires Najdorf"]
[Site "Buenos Aires"]
[Date "1991.??.??"]
[Round "7"]
[White "Fedorowicz, John P"]
[Black "Boissonet, Carlos P"]
[Result "1-0"]
[WhiteElo "2555"]
[BlackElo "2400"]
[Annotator "Ftacnik,L"]
[PlyCount "49"]
[EventDate "1991.04.??"]
[EventType "tourn"]
[EventRounds "13"]
[EventCountry "ARG"]
[EventCategory "11"]
[SourceTitle "CBM 024"]
[Source "ChessBase"]
[SourceDate "1991.10.01"]
[SourceVersion "1"]
[SourceVersionDate "1991.10.01"]
[SourceQuality "1"]

1. d4 Nc6 2. Nf3 d5 3. c4 e5 4. dxe5 Bb4+ 5. Nbd2 {N} (5. Bd2 dxc4 6. e3 Be6 7.
Qc2 b5 $5) 5... dxc4 6. a3 Ba5 (6... Bxd2+ 7. Bxd2 Bg4 8. Bc3 Qe7 9. Qa4 $14)
7. Qc2 b5 (7... Be6 8. e3 b5 9. b3 $1) 8. b3 Nd4 (8... c3 9. b4 $1 cxd2+ 10.
Bxd2 Nd4 11. Nxd4 Qxd4 12. Bc3 $14) 9. Nxd4 Qxd4 10. Rb1 Ne7 (10... c3 11. Nf3
Qg4 12. b4 Bf5 13. Qxc3 Bxb1 14. Qc6+) 11. e3 (11. bxc4 Bf5 12. Qb2 Qxb2 13.
Rxb2 bxc4 $17) 11... Qxe5 (11... Bf5 12. Qxf5 Qxd2+ 13. Bxd2 Bxd2+ 14. Kxd2
Nxf5 15. bxc4 $16) 12. bxc4 Bf5 13. Qb2 (13. Bd3 bxc4 14. Qxc4 O-O $10) 13...
Qe4 $6 (13... Qxb2 14. Rxb2 bxc4 15. Bxc4 $14) 14. Qxb5+ Nc6 15. Bd3 $2 (15.
Rb3 Bxd2+ (15... Qc2 16. Qxc6+ Kd8 17. Qd5+ Ke7 18. Qxa5 Qxc1+ 19. Ke2 $18) 16.
Bxd2 O-O (16... Rb8 $2 17. Qxc6+ Qxc6 18. Rxb8+ Ke7 19. Rxh8 $18) 17. Qd5 $14)
15... Qxd3 16. Qxc6+ Kd8 $1 (16... Ke7 17. Qc5+ Kd7 18. Qxa5 $18) 17. Qxa8+ (
17. Qd5+ Qxd5 18. cxd5 Bxb1 $36) (17. Rb5 Be4 $1) 17... Ke7 18. Rb8 $2 (18. Qf3
Bxd2+ 19. Bxd2 Qxb1+ 20. Qd1 $10) (18. Qxh8 Bxd2+ 19. Bxd2 Qxb1+ 20. Ke2 Qd3+
21. Ke1 Qb1+ $10) 18... Bg4 $2 (18... Qxc4 $3 19. Rxh8 (19. Kd1 Bc2+ 20. Ke1
Bd3 $19) 19... Qxc1+ 20. Ke2 Bg4+ 21. Kd3 Qxd2+ 22. Kc4 Be2+ $19) 19. f3 Qxe3+
20. Kd1 Bd7 21. Rb3 Ba4 22. Qb7 (22. Qe4+ Qxe4 23. fxe4 Bxd2 $10) 22... Qd3 $2
(22... Bxd2 23. Qxc7+ Ke8 $10) 23. Re1+ Kf6 24. Qc6+ $1 Qd6 (24... Bxc6 25.
Rxd3 $18) 25. Qxa4 {Ftacnik,L} 1-0

[Event "Tilburg"]
[Site "Tilburg"]
[Date "1994.??.??"]
[Round "2"]
[White "Milov, Vadim"]
[Black "Morozevich, Alexander"]
[Result "0-1"]
[WhiteElo "2590"]
[BlackElo "2575"]
[Annotator "Ftacnik,L"]
[PlyCount "58"]
[EventDate "1994.09.??"]
[EventType "k.o."]
[EventRounds "7"]
[EventCountry "NED"]
[SourceTitle "CBM 044"]
[Source "ChessBase"]
[SourceDate "1995.02.01"]
[SourceVersion "1"]
[SourceVersionDate "1995.02.01"]
[SourceQuality "1"]

1. d4 d5 2. c4 Nc6 3. Nc3 dxc4 4. Nf3 Nf6 5. Bg5 h6 6. Bh4 a6 $5 (6... e6) 7.
d5 Na5 8. e4 b5 $6 (8... c6 9. dxc6 Qxd1+ 10. Rxd1 b5 11. e5 (11. Nd5 Ra7 12.
Nb6 Rc7 $13) 11... g5 12. exf6 gxh4 13. Nd5 Ra7 $13) 9. e5 b4 10. exf6 (10.
Qa4+ c6 11. dxc6 bxc3 12. c7+ Qd7 13. Qxa5 cxb2 14. Rb1 Qb5 $5 (14... Nd5 15.
Bxc4 Nxc7 16. O-O $40) 15. Qxb5+ axb5 16. Rxb2 (16. exf6 Rxa2 17. Be2 exf6 18.
O-O Bc5 $15) 16... Nd5 17. Rxb5 Nxc7 $10) 10... bxc3 11. bxc3 exf6 12. Qa4+ $1
(12. Bxc4 c6 $1 13. Qe2+ Qe7 $13) 12... c6 13. dxc6 (13. Bxc4 Bd7 $1 $15) 13...
Qe7+ (13... Qd5 14. Rd1 Qb5 15. Qxb5 axb5 16. Nd4 $36) 14. Be2 Qa3 15. Qxa3 (
15. Qc2 Bf5 $5 16. Qxf5 Qxc3+ 17. Kf1 Qxa1+ 18. Ne1 Bb4 $40) 15... Bxa3 16. O-O
$2 (16. Nd4 $1 Bb2 17. Kd2 Bxa1 18. Rxa1 O-O 19. Rb1 Rd8 20. Bf3 $16) 16...
Nxc6 17. Bxc4 O-O 18. Bd5 Bd7 19. Rfd1 Rac8 20. Rab1 Rfd8 21. h3 (21. Rb6 Be6
22. c4 Nb4 $15) 21... Be6 22. c4 (22. Bxe6 Rxd1+ 23. Rxd1 fxe6 $17) 22... Na5 (
22... Bf8 $1 $15) 23. Rd3 Bf8 (23... Bf5 $2 24. Rxa3 Bxb1 25. Rxa5 $18) 24.
Rbd1 Re8 25. Re1 (25. Nd4 Nxc4 26. Nxe6 fxe6 27. Bb7 Rb8 28. Rd7 Ne5 29. Rc7
$10) 25... Nxc4 26. Bb7 Rc5 27. Bxa6 Ra8 28. Bb7 $4 (28. Bxc4 Rxc4 29. Bg3 Rcc8
$15) 28... Ra7 29. Be4 f5 0-1